02444cam a2200397 i 450000100090000000300050000900500170001400800410003101000170007202000440008903500130013304000340014604200080018005000210018808200210020910000350023024501090026526400500037430000470042433600260047133700280049733800270052550400410055250503550059352005540094865000460150265000330154865000530158165000370163465000200167190600450169194200450173695201240178195201240190599900170202922100875CSPC20260319154012.0210624s2022 nyua b 000 0 eng  a 2021027790 a9781479811632q(paperback ; alk. paper) a22100875 aDLCbengerdacDLCdDLCdCSPC apcc00aHV549b.E45 202200a363.1bEl53i2231 aEllcessor, Elizabeth,eauthor.10aIn case of emergency :bhow technologies mediate crisis and normalize inequality /cElizabeth Ellcessor. 1aNew York :bNew York University Press,c2022. avii, 207 pages :billustrations ;c23 cm. atextbtxt2rdacontent aunmediatedbn2rdamedia avolumebnc2rdacarrier aIncludes bibliographical references.0 aIntroduction: mediating emergency, maintaining normalcy -- Alarm! The intensified affect of emergency -- Maps and the affective surveillance of "safety" -- Alert: interruptions, instructions, and authority -- What is your emergency? reports and responses -- Help! social media testimony and emergency bids -- Conclusion: from emergency to engagement. a"In Case of Emergency argues that emergency media are profoundly cultural artifacts that shape the very definition of "emergency" as an opposite of "normal." The normalizing ideologies produced and reinforced by emergency media result in unequal access to emergency services and discriminatory assumptions about who or what is a threat and who deserves care and protection. Thus, a primary function of emergency media is to produce feelings of safety in some while designating others as targets of surveillance and control"--cProvided by publisher. 0aPublic safetyxMoral and ethical aspects. 0aEmergenciesxSocial aspects. 0aEmergency managementxMoral and ethical aspects. 0aEmergency communication systems. 0aDiscrimination. a7bcbccorignewd1eecipf20gy-gencatlg 2ddccBKe23h363.1iEl53ikCIR m2022n0 00102ddc4070aCSPCbCSPCcCIRd2026-02-16l0oCIR 363.1 El53i 2022p031253r2026-02-16 09:42:54t1-2w2026-02-16yBK 00102ddc4070aCSPCbCSPCcCIRd2026-03-19l0oCIR 363.1 El53i 2022p031511r2026-03-19 15:42:43t2-2w2026-03-19yBK c31799d31799